Německá zahraničně - bezpečnostní politika, vývoj a změny v kontextu vzniku Islámského státu

Zahranično-bezpečnostná politika SRN, jej vývoj a reakcia na vznik teroristickej organizácie Islamský štát.

Uložené v:
Podrobná bibliografia
Hlavný autor: Sankot, Ondřej
Médium: Kapitola
Jazyk:Czech
Predmet:
Tagy: Pridať tag
Žiadne tagy, Buďte prvý, kto otaguje tento záznam!

MARC

LEADER 00000naa a2200000 4500
001 0238635
005 20221019162233.7
041 0 |a cze 
044 |a CZ 
245 1 0 |a Německá zahraničně - bezpečnostní politika, vývoj a změny v kontextu vzniku Islámského státu  |c Ondřej Sankot 
520 |a Zahranično-bezpečnostná politika SRN, jej vývoj a reakcia na vznik teroristickej organizácie Islamský štát. 
610 2 0 |a terorizmus 
610 2 0 |a Nemecko 
610 2 0 |a islam 
610 2 0 |a politika bezpečnostná 
610 2 0 |a politika zahraničná 
100 1 |a Sankot, Ondřej